Statistics for Zambia... or Zimbabwe?

Click here to take the quiz!

General Stats

  • This quiz has been taken 334 times
    (256 since last reset)
  • The average score is 11 of 16

Answer Stats

QuestionAnswer% Correct
Lusaka is its capitalZambia
92%
Is named after a riverZambia
87%
Robert Mugabe was its presidentZimbabwe
87%
Used to be called RhodesiaZimbabwe
82%
Bulawayo is its second largest cityZimbabwe
76%
Salisbury was the former name of its capitalZimbabwe
72%
Has 16 official languagesZimbabwe
69%
Uses Kwacha as its currencyZambia
68%
Contains the Victoria FallsBoth
64%
Became independent form the British firstZambia
63%
Borders NamibiaZambia
57%
Bemba people are the largest ethnic groupZambia
57%
Has a higher populationZambia
54%
All of the Big Five can be foundBoth
53%
Has won the Africa Cup of NationsZambia
53%
A bird is on its flagBoth
40%

Score Distribution

Percentile by Number Answered

Percent of People with Each Score

Your Score History

You have not taken this quiz since the last reset